000 00784nam a2200241 i 4500
001 C2-0204531
003 PPAK
005 20180728101514.0
008 990224s1994 mau |||| ||||| | eng d
020 _a0750698209
040 _aPPAK
_beng
_cPPAK
_erda
082 0 4 _a621.381044
_2 23
090 0 0 _a621.381044
_bLEN
_dR
100 1 _aLenk, John D.,
_eauthor
245 1 0 _aSimplified design of linear power supplies
264 1 _aBoston, Massachusetts :
_bButterworth-Heinemann ,
_c1994
300 _axiii, 246 pages ;
_c23 cm
336 _2rdacontent
_atext
337 _2rdamedia
_aunmediated
338 _2rdacarrier
_avolume
650 1 0 _aElectric power supplies to apparatus - Design and construction ; Electric circuits, Linear - Design and construction
942 _ddc
_cB
999 _c157619
_d157619